000 01223nam a2200241Ia 4500
003 Ost
005 20260416102402.0
008 260416s9999||||xx |||||||||||||| ||und||
040 _cfsecg
041 _aara
082 _a658.8
100 _aحواس، مولود
_eمؤلف
245 0 _aمحاضرات في أنظمة التوزيع :
_bمطبوعة بيداغوجية موجهة لطلبة السنة الثالثة علوم تجارية ، تخصص: تسويق /
_c مولود حواس
260 _aالجزائر
_bجامعة الجزائر3: كلية العلوم الإقتصادية، العلوم التجارية وعلوم التسيير
_c2024
300 _a114 ورقة
_bايضاحات
_c12 سم
504 _aالمراجع ص. 13، 31، 66، 84.
520 _aأساسيات التوزيع ، منشآت التوزيع، قنوات التوزيع، إستراتيجية التوزيع، التوزيع المادي.
653 _aالتسويق
653 _aالتوزيع
653 _aأنظمة التوزيع
710 _aجامعة الجزائر3: كلية العلوم الإقتصادية، العلوم التجارية وعلوم التسيير
_eناشر علمي
942 _cHANDOUT
999 _c41460
_d41460